Регионална библиотека "Любен Каравелов" - Русе

Вентилация на електродъгови пещи (Запис номер 381106)

MARC детайли
000 -Лидер
Контролно поле с фиксирана дължина 01194nam a2200349 c 4500
003 - Код на организацията, давaща контролен номер
Контролно поле BLK
005 - Дата и час на последна редакция
Контролно поле 20200811092058.0
008 - Елементи от данни с фиксирана дължина
fixed length control field 200311b bul|||||r ||||||| ||bul||
040 ## - Източник на каталожния запис
Идентификатор на билиотеката - собственик на записа BLK
041 ## - Код за език
Код за езика на текст/звукозапис или на отделно заглавие Български
Код за езика КДБФ Български
080 ## - УДК
Текстов определител УДК Защита от производствени вредности в предприятията - Прах, отровни газове и изпарения, бактерии, шум, вибрации, оптически и електрически въздействия, .
УДК код - определител по УДК 628.51
УДК - код + определител 628.51
100 1# - Редна дума - Автор
Автор Чернев, Петър
Авторска отговорност първи автор
R(LIN) 426023
139 ## - Редно поле
Редна дума Чернев, Петър и др.
245 10 - Сведения за заглавието
Заглавие Вентилация на електродъгови пещи
Редно поле (дума) Петър Чернев, Стоил Панов.
257 ## - Страна на издаване
Страна на създаване/издаване България
260 ## - Област на издателските данни
Място на издаване, разпространение и проч. София
Име на издателя, разпространителя и проч. Профиздат
Година на издаване 1968
300 ## - Физическа характеристика
Страници 80 с.
Илюстрации и др. с ил.
Размери/Мащаб 18 см
380 ## - Жанр
Жанр Техника
490 ## - СЕРИИ (Колекции)
Име на серия Библиотека Охрана на труда
№: серия 62
9 (RLIN) 205342
650 #0 - Допълнително описание по предмет – тема
Основно описание – тема или топоним Пещи, електрически
9 (RLIN) 301321
700 1# - Други автори (авторска отговорност)
Лично име Панов, Стоил
Автороска отговорност (Описва отношението между автора и произведението) съавт.
9 (RLIN) 426024
852 ## - Местоположение
Форматна сигнатура Цб І 9992
Фондова буква Хранилище
856 4# - Електронен адрес и достъп
Електронен формат pdf - файл
Път до файла /url/
856 4# - Електронен адрес и достъп
Електронен формат pdf - файл
Път до файла /url/
999 ## - СИСТЕМНИ КОНТРОЛНИ НОМЕРА
Koha biblionumber 381106
Koha biblioitemnumber 381106
942 ## - АРТИКУЛИ
Вид на библиотечния материал Книги
Скрит в OPAC Не
Периодичен библиозапис Да
944 ## - СЪЗДАВАНЕ И РЕДАКЦИЯ на ЗАПИСА
Създаване/Редакция Създаване
Дата на регистрацията/редакция 2020-08-11
Служител, извършил регистрацията/редакцията НР
Наличности
Код за отписване Код за изгубен артикул Източник на класификационната схема Код за повреда Коз за рестрикции Код за отдаване Артикулен № Име на библиотеката - собственик Име на библиотеката, в която се намира в момента Статус (Текущо местоположение) Дата на вписване в системата Местоположение - отдел Цена в лева Инвентарен номер Систематично азбучна сигнатура Баркод Цена в евро Служебен тип на артикула
  Не е изгубен Universal Decimal Classification Не е повреден само за читалня ползва се в читалня 790907 Регионална библиотека "Любен Каравелов" Русе Регионална библиотека "Любен Каравелов" Русе Хранилище 2020-08-14 Хранилище 0.20 9566/68 Цб І 9992 900000029788 0.10 Книги
Vip Innovations Ltd, Rousse, Bulgaria 2025